La corrupción económica en la privatización en el Perú /

Kaydedildi:
Detaylı Bibliyografya
Yazar: Ugarteche, Oscar
Materyal Türü: Metin
Etiketler: Etiketle
Etiket eklenmemiş, İlk siz ekleyin!

MARC

LEADER 00000 a a2200000 04500
001 48382
003
040
100 |a Ugarteche, Oscar  
245 |a La corrupción económica en la privatización en el Perú /  |c Oscar Ugarteche  
773 |g número360, (2002), páginas 5-7  
999 |c 20804  |d 20804